1980 ist morgen : Technik und forschung der nachsten zehn Jahre
Đã lưu trong:
| Formáid: | Leabhar |
|---|---|
| Teanga: | Undetermined |
| Foilsithe: |
Germany
Droste
1969
|
| Ábhair: | |
| Clibeanna: |
Cuir Clib Leis
Gan Chlibeanna, Bí ar an gcéad duine leis an taifead seo a chlibeáil!
|
| Thư viện lưu trữ: | Trung tâm Học liệu Trường Đại học Cần Thơ |
|---|
| LEADER | 00438nam a2200169Ia 4500 | ||
|---|---|---|---|
| 001 | CTU_86697 | ||
| 008 | 210402s9999 xx 000 0 und d | ||
| 082 | |a 332.4 | ||
| 082 | |b O.58 | ||
| 245 | 0 | |a 1980 ist morgen : | |
| 245 | 0 | |b Technik und forschung der nachsten zehn Jahre | |
| 260 | |a Germany | ||
| 260 | |b Droste | ||
| 260 | |c 1969 | ||
| 650 | |a Currency | ||
| 904 | |i Năm | ||
| 980 | |a Trung tâm Học liệu Trường Đại học Cần Thơ | ||